[Event "CRO-ch U15"]
[Site "Trogir"]
[Date "2020.08.26"]
[Round "4"]
[White "Remetovic, Petar"]
[Black "Pergar, Lovro"]
[Result "1-0"]
[WhiteElo "1181"]
[BlackElo "1483"]
[PlyCount "49"]
[EventDate "2020.08.24"]
[EventType "swiss"]
[EventRounds "9"]
[EventCountry "CRO"]
[SourceTitle "CBM 198 Extra"]
[Source "ChessBase"]
[SourceDate "2020.11.30"]
[SourceVersion "1"]
[SourceVersionDate "2020.11.30"]
[SourceQuality "1"]

1. e4 c5 2. Nf3 d6 3. d4 cxd4 4. Nxd4 Nf6 5. Nc3 e6 6. Bg5 Be7 7. g3 Nbd7 8. Bg2 0-0 9. 0-0 Nxe4 10. Bxe7 Nxc3 11. Bxd8 Nxd1 12. Be7 Re8 13. Bxd6 Nxb2 14. Rab1 Nc4 15. Bf4 e5 16. Rfe1 Rd8 17. Bg5 f6 18. Ne6 fxg5 19. Nxd8 Na3 20. Rb2 Nc4 21. Bd5+ Kf8 22. Bxc4 Ke7 23. Nxb7 Rb8 24. Reb1 Nb6 25. Na5 1-0

[Event "Medjimurje Cup"]
[Site "Croatia "]
[Date "2020.02.23"]
[Round "3.3"]
[White "Poljan, Max"]
[Black "Pergar, Lovro"]
[Result "0-1"]
[WhiteElo "1513"]
[BlackElo "1423"]
[PlyCount "44"]
[EventDate "2020.02.09"]
[EventType "team-swiss"]
[EventRounds "6"]
[EventCountry "CRO"]
[SourceTitle "CBM 195 Extra"]
[Source "ChessBase"]
[SourceDate "2020.05.31"]
[SourceVersion "1"]
[SourceVersionDate "2020.05.31"]
[SourceQuality "1"]

1. d4 e6 2. e3 d5 3. Nf3 Bd6 4. Bd3 f5 5. c4 c6 6. Nc3 Nf6 7. Bd2 b6 8. 0-0 0-0 9. Qb3 Qe8 10. Ne2 Ne4 11. cxd5 exd5 12. Bb4 Bxb4 13. Qxb4 Nd7 14. Bxe4 fxe4 15. Nd2 Nf6 16. Nf4 Nh5 17. Nxh5 Qxh5 18. Qd6 Ba6 19. Rfc1 Qe2 20. Nxe4 dxe4 21. Qg3 Rf6 22. Re1 Qxb2 0-1

[Event "IBCA EU-chT blind 2nd"]
[Site "Calimanesti"]
[Date "2019.10.13"]
[Round "9.4"]
[White "Pergar, Lovro"]
[Black "Wassin, Sergej"]
[Result "1/2-1/2"]
[WhiteElo "1404"]
[BlackElo "2264"]
[PlyCount "93"]
[EventDate "2019.10.05"]
[EventType "team-swiss"]
[EventRounds "9"]
[EventCountry "ROU"]
[SourceTitle "CBM 192 Extra"]
[Source "Chessbase"]
[SourceDate "2019.11.06"]
[SourceVersion "1"]
[SourceVersionDate "2019.11.06"]
[SourceQuality "1"]
[WhiteTeam "Croatia"]
[BlackTeam "Ukraine"]
[WhiteTeamCountry "CRO"]
[BlackTeamCountry "UKR"]

1. e4 c5 2. Nc3 Nc6 3. f4 g6 4. Nf3 Bg7 5. Bc4 d6 6. 0-0 e6 7. Qe1 Nge7 8. d3 0-0 9. Qh4 d5 10. Bb3 Nd4 11. Kh1 f5 12. e5 Nec6 13. Qh3 a6 14. a3 b5 15. Ba2 Nxc2 16. Rb1 N2d4 17. Be3 Nxf3 18. Qxf3 Bb7 19. Bxc5 Re8 20. Nxd5 Na5 21. Bb6 Bxd5 22. Bxd5 Qxb6 23. Bxa8 Nb3 24. Qd1 Nd4 25. Bf3 g5 26. g3 gxf4 27. gxf4 Bh6 28. Qd2 Kh8 29. Bh5 Rg8 30. Qf2 Rd8 31. Rg1 Qc6+ 32. Qg2 Bxf4 33. Qxc6 Nxc6 34. Rbf1 Bxe5 35. Bf7 Nd4 36. Rg2 h6 37. Rfg1 Nf3 38. Rg8+ Rxg8 39. Rxg8+ Kh7 40. Bxe6 Bxb2 41. Rg3 Nd4 42. Bc8 Bxa3 43. Bxa6 b4 44. Bc4 b3 45. Bxb3 Nxb3 46. d4 Nxd4 47. Rxa3 1/2-1/2

[Event "IBCA EU-chT blind 2nd"]
[Site "Calimanesti"]
[Date "2019.10.06"]
[Round "2.4"]
[White "Pergar, Lovro"]
[Black "Kostadinovski, Zoran"]
[Result "0-1"]
[WhiteElo "1404"]
[BlackElo "1863"]
[PlyCount "72"]
[EventDate "2019.10.05"]
[EventType "team-swiss"]
[EventRounds "9"]
[EventCountry "ROU"]
[SourceTitle "CBM 192 Extra"]
[Source "Chessbase"]
[SourceDate "2019.11.06"]
[SourceVersion "1"]
[SourceVersionDate "2019.11.06"]
[SourceQuality "1"]
[WhiteTeam "Croatia"]
[BlackTeam "Macedonia"]
[WhiteTeamCountry "CRO"]
[BlackTeamCountry "MKD"]

1. e4 c5 2. Nc3 e6 3. f4 a6 4. a4 d6 5. Nf3 Qc7 6. Bc4 Nd7 7. d3 b6 8. 0-0 Bb7 9. f5 e5 10. Qe1 h6 11. Qh4 Ngf6 12. Ng5 d5 13. exd5 Bd6 14. Nge4 0-0-0 15. Bb5 Nxd5 16. Nxd5 Bxd5 17. Bxa6+ Kb8 18. Nc3 Ba8 19. Bb5 Nf6 20. Bd2 Be7 21. a5 Rd4 22. axb6 Qxb6 23. Qh3 Rg4 24. Ra6 Qb7 25. Rf2 h5 26. Ra3 c4 27. Ba6 Qb6 28. Be3 Qxb2 29. Ba7+ Kc7 30. Nb5+ Kd7 31. dxc4 Bxa3 32. Qxa3 Qxa3 33. Nxa3 Ne4 34. Re2 Ke7 35. Bb5 Rd8 36. Re1 Rd2 0-1

[Event "Osijek op 12th"]
[Site "Osijek"]
[Date "2019.02.24"]
[Round "7.31"]
[White "Pergar, Lovro"]
[Black "Biljcevic, Miodrag"]
[Result "1/2-1/2"]
[WhiteElo "1347"]
[BlackElo "1741"]
[PlyCount "34"]
[EventDate "2019.02.21"]
[EventType "swiss"]
[EventRounds "7"]
[EventCountry "CRO"]
[SourceTitle "EXT 2023"]
[Source "ChessBase"]
[SourceDate "2022.10.05"]
[SourceVersion "1"]
[SourceVersionDate "2022.10.05"]
[SourceQuality "1"]

1. e4 d5 2. exd5 Qxd5 3. Nc3 Qa5 4. d4 c6 5. Nf3 Nf6 6. Bd3 Bg4 7. Bd2 Qc7 8. Qe2 Nbd7 9. 0-0-0 e6 10. h3 Bxf3 11. Qxf3 0-0-0 12. Bf4 Bd6 13. Bxd6 Qxd6 14. Ne4 Nxe4 15. Bxe4 Nf6 16. Rd3 Nxe4 17. Qxe4 Qd5 1/2-1/2

[Event "Osijek op 12th"]
[Site "Osijek"]
[Date "2019.02.23"]
[Round "5.41"]
[White "Pergar, Lovro"]
[Black "Zivkovic, Mihael"]
[Result "1-0"]
[WhiteElo "1347"]
[BlackElo "1195"]
[PlyCount "53"]
[EventDate "2019.02.21"]
[EventType "swiss"]
[EventRounds "7"]
[EventCountry "CRO"]
[SourceTitle "EXT 2023"]
[Source "ChessBase"]
[SourceDate "2022.10.05"]
[SourceVersion "1"]
[SourceVersionDate "2022.10.05"]
[SourceQuality "1"]

1. e4 e5 2. Nf3 Nc6 3. Bc4 Bc5 4. Nc3 d6 5. d3 Bg4 6. h3 Bh5 7. Bg5 f6 8. Be3 Bxe3 9. fxe3 Qd7 10. Nxe5 fxe5 11. Qxh5+ g6 12. Qg5 Nge7 13. 0-0 0-0-0 14. Rf6 Kb8 15. a4 h6 16. Qg3 Rdf8 17. Raf1 Qe8 18. Qf3 Rxf6 19. Qxf6 a6 20. Nd5 g5 21. b4 Ng6 22. Qg7 Nce7 23. Nxe7 Nxe7 24. Rf7 Nc6 25. Rxc7 Rg8 26. Rxb7+ Ka8 27. Bxg8 1-0

[Event "IBCA Wch Blind and Visually imp U22"]
[Site "Solec Zdroj"]
[Date "2018.08.18"]
[Round "5.8"]
[White "Tryjanska, Emilia"]
[Black "Pergar, Lovro"]
[Result "0-1"]
[WhiteElo "1045"]
[BlackElo "1483"]
[PlyCount "124"]
[EventDate "2018.08.14"]
[EventType "swiss"]
[EventRounds "9"]
[EventCountry "POL"]
[SourceTitle "EXT 2024"]
[Source "ChessBase"]
[SourceDate "2023.10.10"]
[SourceVersion "1"]
[SourceVersionDate "2023.10.10"]
[SourceQuality "1"]

1. e4 c5 2. Nc3 d6 3. f4 Nf6 4. Bc4 g6 5. Nf3 Bg7 6. d3 0-0 7. 0-0 Ng4 8. Qe1 Nc6 9. h3 Nf6 10. Qh4 Nh5 11. f5 Bf6 12. Bg5 e6 13. g4 Nd4 14. fxg6 fxg6 15. Nxd4 Bxd4+ 16. Kh1 Bf6 17. gxh5 Bxg5 18. Rxf8+ Kxf8 19. Qf2+ Kg7 20. hxg6 hxg6 21. Rf1 Qf6 22. Ne2 Bh4 23. Qxf6+ Bxf6 24. b3 Bd7 25. a4 a6 26. Nf4 Re8 27. Rg1 g5 28. h4 Rh8 29. Nxe6+ Bxe6 30. Bxe6 Rxh4+ 31. Kg2 Be5 32. Rh1 Rxh1 33. Kxh1 Kf6 34. Bg4 b6 35. c4 Bf4 36. Kg2 Ke5 37. Kf2 Kd4 38. Bc8 a5 39. Ke2 Kc3 40. Kd1 Kxd3 41. e5 dxe5 42. Bf5+ e4 43. Bg4 Kc3 44. Bf5 Kxb3 45. Bxe4 Kxa4 46. Bc6+ Kb4 47. Bb5 a4 48. Kc2 a3 49. Kb1 Kb3 50. Ka1 a2 51. Ba4+ Kxa4 52. Kxa2 g4 53. Kb2 g3 54. Kc3 g2 55. Kd3 g1Q 56. Ke4 Qe3+ 57. Kd5 Qe5+ 58. Kc6 Qe6+ 59. Kb7 Ka5 60. Ka7 Qd7+ 61. Ka8 Qc8+ 62. Ka7 Qb8# 0-1

[Event "IBCA Wch Blind and Visually imp U22"]
[Site "Solec Zdroj"]
[Date "2018.08.14"]
[Round "1.2"]
[White "Pergar, Lovro"]
[Black "Eichstaedt, Mirko"]
[Result "0-1"]
[WhiteElo "1483"]
[BlackElo "2190"]
[PlyCount "47"]
[EventDate "2018.08.14"]
[EventType "swiss"]
[EventRounds "9"]
[EventCountry "POL"]
[SourceTitle "EXT 2024"]
[Source "ChessBase"]
[SourceDate "2023.10.10"]
[SourceVersion "1"]
[SourceVersionDate "2023.10.10"]
[SourceQuality "1"]

1. e4 e5 2. Nf3 Nc6 3. Bc4 Bc5 4. Nc3 Nf6 5. d3 d6 6. h3 Be6 7. Bb3 Nd4 8. Nxd4 exd4 9. Ne2 d5 10. Nf4 dxe4 11. Bxe6 fxe6 12. dxe4 e5 13. Ne6 Qe7 14. Nxc5 Qxc5 15. Qf3 Qxc2 16. 0-0 0-0 17. Qb3+ Qxb3 18. axb3 Nxe4 19. Re1 Nc5 20. Rxe5 Nxb3 21. Rb1 Rae8 22. Rxe8 Rxe8 23. Bf4 c5 24. Rd1 0-1